| Поле | Инд. | ПП | Название | Значение |
|---|---|---|---|---|
| Тип записи | a | |||
| Библиографический уровень | b | |||
| 001 | Контрольный номер | RU/IS/BASE/373034104 | ||
| 005 | Дата корректировки | 20200630193207.1 | ||
| 008 | Кодируемые данные | 20111027 | ||
| 084 | a | Индекс другой классификации/Индекс ББК | 67.911.11(7Кан) | |
| 100 | 1_ | a | Автор | Губницын А. В. |
| q | Полное имя | Губницын Антон Валерьевич | ||
| 245 | a | Заглавие | От консультаций к диалогу: опыт Канады по участию граждан в государственном управлении | |
| 504 | a | Библиография | Лит., примеч.: с. 166 | |
| 520 | a | Аннотация | Статья посвящена участию граждан в управлении делами государства и осуществлении местного самоуправления. Рассматриваются цели участия граждан в государственном управлении, модели, формы и проблемы организации этого участия, анализируется канадский опыт участия граждан в государственном управлении. В фокусе внимания автора - возможность перехода России от информирования населения и общественных консультаций к активному участию граждан в государственном управлении и диалогу между властью и населением. | |
| 650 | a | Основная рубрика | международное право | |
| a | Основная рубрика | международное публичное право | ||
| a | Основная рубрика | право | ||
| 653 | a | Ключевые слова | власть | |
| a | Ключевые слова | Канада | ||
| a | Ключевые слова | конституционные права | ||
| a | Ключевые слова | местное самоуправление | ||
| a | Ключевые слова | модели управления государством | ||
| a | Ключевые слова | общественная активность | ||
| a | Ключевые слова | общественное мнение | ||
| a | Ключевые слова | общество | ||
| a | Ключевые слова | политические права | ||
| a | Ключевые слова | права граждан | ||
| a | Ключевые слова | социальная ответственность | ||
| a | Ключевые слова | социальные интересы | ||
| a | Ключевые слова | социальный диалог | ||
| a | Ключевые слова | управление государством | ||
| a | Ключевые слова | участие граждан в управлении | ||
| a | Ключевые слова | федеральное законодательство | ||
| a | Ключевые слова | цели управления | ||
| 773 | t | Заглавие источника | Вопросы государственного и муниципального управления | |
| d | Дата издания источника | 2009 | ||
| g | Прочая информация | № 3. - С. 155 - 165 | ||
| w | Контрольный № источника | RU/IS/BASE/309528796 | ||
| 901 | t | Тип документа | b |